15 jugadores más valiosos del mundo (2024-2025) - Estadísticas

Estadísticas generales
  • Esta prueba ha sido intentada 81 veces
  • La puntuación promedio es 11 de 15
Estadísticas de respuestas
Pista Respuesta % Correcto
5. 160M€ (Francia) Kylian Mbappé
97%
2. 200M€ (Brasil) Vinícius Júnior
97%
1. 200M€ (Noruega) Erling Haaland
93%
3. 180M€ (España) Lamine Yamal
92%
4. 180M€ (Inglaterra) Jude Bellingham
90%
12. 130M€ (España) Rodri
80%
11. 130M€ (Uruguay) Federico Valverde
73%
9. 140M€ (Inglaterra) Phil Foden
73%
7. 140M€ (Alemania) Florian Wirtz
70%
15. 100M€ (España) Pedri
70%
8. 140M€ (Alemania) Jamal Musiala
67%
14. 110M€ (Noruega) Martin Odegaard
67%
6. 150M€ (Inglaterra) Bukayo Saka
58%
10. 130M€ (Inglaterra) Cole Palmer
55%
13. 110M€ (Inglaterra) Declan Rice
55%
No se encontraron pruebas coincidentes
Distribución de puntuación
Porcentaje de gente con cada puntuación
Porcentaje por número respondido
Historial de tus puntuaciones
No has intentado esta prueba.